000 00621nam a22001817a 4500
999 _c189370
_d189370
005 20220624143435.0
010 _arohit
020 _a9789351521082
_c432.00
037 _bJaypee Brothers Medical Publications(P) Ltd
100 _aKD Tritpathi
245 _aPharmacological Classification Of Drugs:Doses And Preparations/
_cKD Tripathi
250 _aFifth Edition
260 _aNew Delhi
_bJaypee Brothers Medical Publications(P) Ltd
_c2014
270 _a4838/24 Ansari Road, Daryaganj
_bNew Delhi
_e110002
300 _axii,234p.
_bill.
_c12cm(Pb)
500 _aIndex
942 _2ddc
_cEN
_eFifth Edition2015
_kTRI